000
00268nam a2200109Ia 4500
005
20251222144741.0
008
251222s9999||||xx |||||||||||||| ||spa||
082
_a
342.02/B46
245
0
_a
Nueva Constitución Política del Perú 1993
264
_b
Berrio
942
_c
LIB
999
_c
18958
_d
18958